[Event "Tromso ol (Men) 41st"]
[Site "Tromso"]
[Date "2014.08.09"]
[Round "7.1"]
[White "Carlsen, Magnus"]
[Black "Naiditsch, Arkadij"]
[Result "0-1"]
[WhiteElo "2877"]
[BlackElo "2709"]
[Annotator "Roiz,M"]
[PlyCount "124"]
[EventDate "2014.08.02"]
[EventType "team-swiss"]
[EventRounds "11"]
[EventCountry "NOR"]
[SourceTitle "CBM 162"]
[Source "ChessBase"]
[SourceDate "2014.09.17"]
[WhiteTeam "Norway"]
[BlackTeam "Germany"]
[WhiteTeamCountry "NOR"]
[BlackTeamCountry "GER"]

1. d4 Nf6 2. c4 e6 3. Nc3 Bb4 4. Nf3 c5 5. g3 O-O 6. Bg2 cxd4 7. Nxd4 d5 8.
cxd5 Nxd5 9. Qb3 Nc6 ({In his preceding game Arkadiy went for a more popular
order of moves:} 9... Qa5 10. Bd2 Nc6 11. Nxc6 ({A rare alternative here is} 
11. Nc2 {but after} Bxc3 12. bxc3 Qc7 {Black has comfortable play:} 13. e4 (13.
Qa3 Ne5 14. Bxd5 exd5 $15 {0-1 Beliavsky,A (2650)-Ivanchuk,V (2740)/Belgrade
1995/CBM 051/(Dautov) (29)}) 13... Nb6 14. O-O Na5 15. Qb4 Nbc4 $11 {1/2-1/2
Georgiev,V (2559)-Draskovic,L (2135)/Sunny Beach 2011/CBM 144 Extra (55)})
11... bxc6 12. O-O Bxc3 13. bxc3 Ba6 14. Rfd1 Qc5 15. e4 Bc4 16. Qa4 Nb6 17.
Qb4 Qh5 18. Re1 c5 19. Qa5 Rfc8 20. Be3 Be2 21. Bf4 Bd3 22. Rad1 Be2 23. Rc1
Bd3 24. Bd6 e5 25. Bxc5 Nc4 26. Qb5 a6 27. Qd7 Be2 $44 {1/2-1/2 Efimenko,Z 
(2689)-Naiditsch,A (2684)/Mukachevo 2010/CBM 138 (34)}) 10. Nxc6 bxc6 11. O-O
Qa5 {Black is trying to switch to the main lines, but here White has an extra
resource.} ({Some top players have gone for} 11... Rb8 $5 12. Na4 (12. Ne4 Ba6
13. Qc2 Be7 14. a3 Qb6 15. b4 Rfc8 $11 {1-0 Ponomariov,R (2705)-Kramnik,V 
(2785)/Moscow 2007/EXT 2008 (79)}) 12... Ba6 13. Qc2 Qa5 14. a3 Be7 15. Bf3 (
15. b4 $5 Qb5 16. Re1 Qc4 17. Qxc4 Bxc4 18. Bd2 Bb3 19. Nc5 $14) 15... c5 16.
Bd2 Qb5 17. Rfc1 Rfc8 $11 {1/2-1/2 Edouard,R (2692)-Wojtaszek,R (2724)/
Saint-Quentin FRA 2014 (21)}) 12. Ne4 $5 {Magnus is happy to deviate from the
known paths. Black has a weak Pc6, so he has to search for active piece play.}
(12. Bd2 {will just transpose us to the above-mentioned game against Efimenko.}
) 12... Ba6 13. Qc2 {Black's pieces are a bit far away from the king, so
Arkadij has to parry a threat of 14.Ng5.} h6 {This prophylactic move is a bit
slow.} ({However, in other cases White is able to fight some edge as well:} 
13... Rab8 14. Ng5 $1 (14. a3 Be7 15. Bf3 c5 16. Bg5 Bxg5 17. Nxg5 Nf6 18. Ne4
Nxe4 19. Bxe4 g6 $11 {1/2-1/2 Miroshnichenko,E (2670)-Ismagambetov,A (2496)/
Tashkent 2011/CBM 141 Extra (30)}) 14... g6 15. Ne4 Be7 16. Bh6 Rfd8 17. b3 $14
) (13... Be7 14. Ng5 (14. Bd2 Qb5 15. Rfc1 Rab8 16. Qxc6 Qxc6 17. Rxc6 Bxe2 $11
{1/2-1/2 Sulava,N (2405)-Grosar,A (2370)/Kladovo 1991/TD (46)}) 14... g6 15.
Ne4 Rfd8 16. Bh6 $14) 14. a3 Be7 15. b4 $1 $146 {White comes up with an
important tactical resource. This novelty definitely poses Black some problems.
} (15. Bd2 Qb5 16. Rfc1 c5 17. Nxc5 (17. e3 $5) 17... Bxc5 18. Qxc5 Qxb2 $11 {
1/2-1/2 Von Herman,U (2400)-Schulz,J (2255)/Germany 2003/CBM 100 ext (68)})
15... Qb5 ({White's idea is based on the following line:} 15... Bxb4 16. axb4
$1 (16. Bxh6 Bc3 17. Rac1 gxh6 18. Nxc3 Qxc3 19. Qxc3 Nxc3 20. Rxc3 Bxe2 $11)
16... Qxa1 17. Bb2 Qa2 18. Nd2 $1 {[%csl Ra2][%cal Gf1a1]} Nxb4 19. Qc3 e5 20.
Ra1 Qe6 21. Qxb4 Bxe2 22. Re1 $14 {and White should be better in this position,
although it would be not easy to achieve a victory.}) 16. Re1 Qc4 ({An attempt
to get rid of the Pc6 leads to a slighty inferior position:} 16... c5 17. bxc5
Rac8 18. Rb1 Qc6 19. Qd2 Bxc5 20. Nxc5 Qxc5 21. Bb2 $14) 17. Qb2 c5 (17... Rfd8
18. Bd2 Rab8 19. Rac1 Qb5 20. Qc2 $14) 18. Nxc5 {The most natural response.
Magnus is ready to simplify the position in order to exchange the opponent's
dark-squared bishop.} ({The alternative wasn't obvious:} 18. Qe5 $5 Qd4 (18...
cxb4 19. Bb2 Nf6 20. Nd2 $16) 19. Qxd4 cxd4 20. Bb2 d3 21. exd3 Bxd3 22. Nc5
$14) 18... Bf6 {This move was probably connected with some tactical blunder.} (
{Black could have opted for} 18... Bxc5 19. bxc5 Qxc5 20. Bd2 Rab8 21. Qe5 Qc2
22. Red1 Qb2 $14 {with a holdable endgame.}) 19. Qa2 Rac8 $6 {A serious
mistake - now Black is going to lose a pawn without getting any compensation.}
({The point is that after} 19... Bxa1 $2 20. Qxa1 {[%csl Ra6,Rc4] Black's
pieces are in trouble:} Rac8 21. Bb2 Rxc5 22. bxc5 f6 23. e4 Nc7 24. e5 f5 25.
c6 $18) ({Black's task wasn't easy, but} 19... Nc3 $1 {was called for:} 20.
Qxc4 Bxc4 21. Bxa8 (21. Bb2 Nxe2+ 22. Rxe2 Bxe2 23. Bxf6 gxf6 24. Re1 Bc4 25.
Bxa8 Rxa8 $14) 21... Rxa8 {Black wins the material back and gets excellent
drawish chances.} 22. e4 Ne2+ 23. Rxe2 Bxe2 24. Rb1 Rd8 $14) 20. e4 Nc3 21.
Qxc4 Bxc4 22. e5 Be7 {Black has some activity, but White can prevent any
reasonable counterplay now.} 23. Bd2 {This bishop is somewhat misplaced there.}
(23. Be3 $5 {would be simpler:} Rfd8 24. Ne4 $16) 23... Ne2+ 24. Kh1 Nd4 25.
Rac1 Bd5 (25... Bb5 26. Be3 Nf5 27. Nb7 Nxe3 28. fxe3 $16) 26. Bxd5 exd5 {
The knight on d4 is quite tricky, so White should be careful.} 27. Nd7 $1 {
Magnus correctly avoids the exchange of his knight.} ({In the following lines
Black could get some compensation for a pawn:} 27. Kg2 Bxc5 28. Rxc5 Rxc5 29.
bxc5 Nc2 30. Rd1 Rc8 31. Bb4 a5 32. Bxa5 Rxc5 $14) (27. Be3 Bxc5 28. bxc5 Nc6
29. Red1 Rfd8 30. f4 d4 31. Bf2 f6 32. exf6 gxf6 33. Kg2 Kf7 $14) 27... Rxc1 (
27... Rfd8 28. Rxc8 Rxc8 29. Rc1 Rc4 30. Rxc4 dxc4 31. Kg2 Nb5 32. Bc1 $16) 28.
Rxc1 Rd8 29. Nc5 {The first step in the wrong direction - there was no reason
to come back.} (29. Rc7 $1 {did require precise calculating, but after} Nb3 (
29... Nb5 30. Rb7 Nxa3 31. Rxa7 $16) 30. Be1 d4 31. Rxa7 d3 32. Kg2 d2 33. Bxd2
Nxd2 34. b5 Nb3 35. Rc7 Bxa3 36. b6 $16 {White's winning chances shouldn't be
understimated.}) 29... Bxc5 30. Rxc5 (30. bxc5 Nc6 31. f4 Rb8 $44) 30... Nf3 $1
{Arkadij has managed to activate his forces, while the d-pawn may be dangerous.
} (30... Nb3 31. Rc2 Re8 32. f4 f6 33. Rb2 Nxd2 34. Rxd2 fxe5 35. Rxd5 exf4 36.
gxf4 $16) 31. Bc3 $2 {This natural move is a serious mistake - White spoils
the advantage.} ({Carlsen's task wasn't easy, but after the correct} 31. Bf4 $1
g5 32. Kg2 Ne1+ 33. Kf1 Nf3 (33... Nd3 34. Rc3 Nxb4 35. Bxg5 hxg5 36. axb4 $16)
34. Bc1 d4 (34... Nxe5 35. Ke2 Nc4 36. f4 $16) 35. Ke2 Nxh2 36. Kd3 $16 {
it was still possible to win this game.}) 31... g5 $1 $132 {After securing the
Nf3 Black gets sufficient counterplay.} (31... d4 $2 32. Kg2 Ng5 33. Bd2 Ne4
34. Rc2 $16) 32. h3 h5 33. Kg2 g4 34. b5 Rd7 (34... d4 $5 35. Ba5 Rd7 36. hxg4
hxg4 37. Rc7 Rd5 $132) 35. Rc8+ Kh7 36. Ba5 d4 {The passed d-pawn is very
strong, but White is still OK.} (36... Nxe5 $2 37. hxg4 hxg4 38. Rc7 $16) 37.
hxg4 hxg4 38. e6 $2 {A very strange decision by the World Champion. White just
gives the pawn back.} ({After} 38. Rc7 Rxc7 39. Bxc7 d3 40. Kf1 {Black would
still have to find some precise moves in order to avoid a loss:} Nd4 $1 41. Ke1
Nxb5 42. Bd6 Kg6 43. Kd2 Kf5 44. Kxd3 Ke6 $1 45. Kc4 (45. Ke4 f5+ 46. Kf4 a6
$11) (45. Bf8 Kd5 $11) 45... Nxd6+ 46. exd6 Kxd6 47. Kd4 f5 48. a4 a5 $11)
38... fxe6 39. Rc7 Rxc7 40. Bxc7 d3 {Suddenly White is in a real danger.} 41.
Kf1 Nd4 42. Ke1 Nxb5 {Black is a pawn up now!} 43. Bb8 (43. Bd8 e5 $1 44. a4
Nd4 45. Kd2 e4 $19) 43... Nxa3 44. Kd2 {The position looks very bad now for
Magnus, but most probably a draw is still attainable at this moment.} a5 (44...
Nb5 45. Kxd3 Kg6 46. Ke4 a5 47. Be5 a4 48. Kf4 Kh5 49. f3 gxf3 50. g4+ Kg6 (
50... Kh4 51. Bf6+ Kh3 52. Kxf3 $11) 51. Kxf3 a3 52. Ke2 Na7 53. Kd3 Nc6 54.
Bc3 e5 55. Kc4 Kg5 56. Bd2+ Kxg4 57. Kb3 $11) 45. Kxd3 Kg6 46. Ke4 $1 {White
chooses the right route for his king!} ({After} 46. Bd6 $2 Nb5 47. Bf4 Kf5 $1 (
47... a4 48. Kc4 e5 49. Bxe5 Kf5 50. Ba1 Nd6+ 51. Kb4 $11) 48. Kc4 Na7 49. Bc7
a4 50. Bb6 Nc8 $1 (50... Nc6 51. Kb5 Ne5 52. Kxa4 Ke4 53. Kb3 Kf3 54. Kc3 Ke2
55. Ba7 Nd3 56. Kd4 Nxf2 57. Ke5 Kf3 58. Kxe6 $11) 51. Bc5 Ke4 52. Kb4 Kd5 53.
Be3 e5 54. Kxa4 Kc4 $19 {Black should win here quite easily.}) 46... a4 47. Be5
(47. f3 Nc4 48. Ba7 Nd6+ 49. Ke3 a3 50. fxg4 e5 $19) 47... Nc4 48. Bc3 a3 49.
Kf4 Kh5 {Obviously, White's chances are connected only with exchanging the
k-side pawns, but this time Magnus fails to find a correct version of that
plan!} 50. f3 $2 (50. Ke4 $2 {was also bad:} Kg5 51. Ba1 a2 52. Kd3 Nd6 53. Bb2
Kf5 54. Ba1 Ne4 $19) ({But} 50. Bb4 $1 a2 51. Bc3 {could save the day:} Na5 (
51... Nb6 52. Ba1 Nd7 53. f3 e5+ 54. Ke4 Kg5 55. fxg4 Kxg4 56. Kd5 Kxg3 57. Kc4
e4 58. Kb3 e3 59. Kxa2 e2 60. Bc3 Kf2 61. Kb3 Ne5 62. Kc2 $11) 52. f3 gxf3 53.
Kxf3 Kg5 54. Ke4 Kg4 55. Ke5 Kxg3 56. Kxe6 Kf3 57. Kd5 Ke2 58. Kc5 Kd3 59. Kb4
Kc2 60. Bh8 Nc6+ 61. Ka3 Kb1 62. Bg7 $11) 50... e5+ 51. Ke4 Nd6+ $1 {That is
the point! Black is not obliged to take on f3.} (51... gxf3 $2 52. Kxf3 Kg5 53.
g4 Kf6 54. Ke2 Ke6 55. g5 Kf5 56. g6 Kxg6 57. Kd3 $11) 52. Ke3 Kg5 $19 {
Now Black's king is back in the game, so 2 passed pawns will decide the game.}
53. fxg4 e4 (53... Kxg4 54. Kd3 e4+ 55. Kc2 e3 56. Kb3 e2 57. Be1 Nb5 $19) 54.
Kd2 Nb5 55. Be5 Kxg4 56. Ke3 Kf5 57. Ba1 Nd6 {Protecting the pawn. White is
completely helpless.} 58. Kd2 Kg4 59. Ke3 ({Or} 59. Kc3 e3 60. Kb3 Ne4 61. Kxa3
e2 $19) 59... a2 60. Bc3 (60. Kf2 Nc4 61. Bc3 e3+ 62. Kg2 Na3 63. Kf1 Kf3 64.
g4 Nc2 $19) 60... Kxg3 61. Ba1 Kg4 62. Kd2 Kf3 0-1

[Event "Tromso ol (Men) 41st"]
[Site "Tromso"]
[Date "2014.08.06"]
[Round "5.1"]
[White "Aronian, Levon"]
[Black "Carlsen, Magnus"]
[Result "1/2-1/2"]
[WhiteElo "2805"]
[BlackElo "2877"]
[PlyCount "116"]
[EventDate "2014.08.02"]
[EventType "team-swiss"]
[EventRounds "11"]
[EventCountry "NOR"]
[SourceTitle "CBM 162"]
[Source "ChessBase"]
[SourceDate "2014.09.17"]
[WhiteTeam "Armenia"]
[BlackTeam "Norway"]
[WhiteTeamCountry "ARM"]
[BlackTeamCountry "NOR"]

1. d4 d5 2. c4 c6 3. Nf3 Nf6 4. Nc3 dxc4 5. a4 Na6 6. e3 Bg4 7. Bxc4 e6 8. h3
Bxf3 9. Qxf3 Nb4 10. O-O Be7 11. a5 O-O 12. Rd1 b6 13. axb6 axb6 14. Rxa8 Qxa8
15. Bd2 Rd8 16. Rc1 Nbd5 17. Qd1 h6 18. Ra1 Qb7 19. Qb3 Ra8 20. Rc1 Nxc3 21.
Bxc3 Qc7 22. Be2 c5 23. Bf3 Rd8 24. Rd1 Nd5 25. dxc5 Nxc3 26. cxb6 Rxd1+ 27.
Bxd1 Qb7 28. bxc3 Bc5 29. h4 Qxb6 30. Qc2 Qd6 31. h5 Kf8 32. Bf3 Ke7 33. g3 Qe5
34. Kg2 Qd6 35. Qe4 Qc7 36. Be2 Qd6 37. Bc4 Qc7 38. Bb5 Bd6 39. c4 Bc5 40. g4
Bb6 41. Qa8 Qd8 42. Qa1 Kf8 43. Qa3+ Kg8 44. Bc6 Qc8 45. Qa4 Bc5 46. Qb5 Be7
47. Kf3 Qd8 48. Ke2 Qd6 49. Qb7 Qb4 50. Qc8+ Bf8 51. Be4 Qc5 52. Qa6 Qg5 53.
Bf3 g6 54. hxg6 Qxg6 55. Qa4 Qb1 56. Bg2 Qb2+ 57. Kf1 Qb1+ 58. Ke2 Qb2+ 1/2-1/2